| 000 | 00654nam a2200181 a 4500 | ||
|---|---|---|---|
| 001 | 000032765 | ||
| 005 | 20200930065824.0 | ||
| 008 | 110726s1941 xxu 000 0 spa d | ||
| 040 |
_aDO-SdBNP _bspa _cBNPHU |
||
| 041 | 1 | 7 |
_aspa _heng _2Código de idioma MARC |
| 082 |
_axxxx _bI65 |
||
| 100 | 1 |
_aIreland, Gordon, _d1880- _958596 |
|
| 245 | 1 | 0 |
_aBoundaries, possessions, and conflicts in Central and North America and the Caribbean. / _cGordon Ireland. |
| 260 |
_aCambridge, Massachusetts : _bHarvard University Press, _c1941. |
||
| 300 |
_a416 p. ; _c27 cm. |
||
| 500 | _aIncluye referencias bibliográficas y notas al pie de las páginas | ||
| 049 | _aBNPD | ||
| 999 |
_c32256 _d32256 |
||